| 000 | 00629nam a2200241Ia 4500 | ||
|---|---|---|---|
| 005 | 20230713105339.0 | ||
| 008 | 131103s9999 xx 000 0 und d | ||
| 020 |
_a8173871124 _cRs. 450 |
||
| 040 | _aLoreto College | ||
| 041 | _aEnglish | ||
| 082 |
_a634.9 _bNEG |
||
| 100 | _aNegi,S.S. | ||
| 245 |
_aHimalayan forests and forestry _cS.S.Negi |
||
| 250 | _a2nd ed | ||
| 260 |
_aDelhi _bIndus Publishing Company _cc2000 |
||
| 300 |
_a304p _b graphs, tables,charts, maps |
||
| 504 | _aIncludes index | ||
| 630 | _aHimalayan Forestry | ||
| 650 | _aForests | ||
| 651 | _aHimalayan Forests | ||
| 850 | _aLCLIB | ||
| 942 | _cBK | ||
| 999 |
_c67 _d50546 |
||